00514nam a2200109Ia 4500082001200000100009400012245012200106260001500228300001300243536005700256650009100313 aRS.0883 aSrivastava, RajeevuJaypee University of Engineering and TechnologyvGuna, Madhya Pradesh 0aSocio-economic and environmental impact assessment of family type biogas plants in Guna District of Madhya Pradeshb: c2014aGuna avi, 118p aIndian Council of Social Science Research, New Delhi aSocio-economicvEnvironmental assessmentvSocial aspectsvBiogaszGunazMadhya Pradesh